000 00787pam a2200265 i 4500
001 5864
003 BD-RjUL
005 20211208234137.0
008 140107s1980 mau b 001 0 eng d
020 _a0205068154
035 _a(BD-RjUL)5903
040 _aDLC
_cDLC
_dDLC
_d(BD-RjUL)
_beng
041 _aeng
082 0 0 _a370.973
_bCRI
245 0 0 _aCritical issues in educational policy :
_ban administrator's overview /
_cLouis Rubin, editor.
260 _aBoston :
_bAllyn and Bacon,
_cc1980.
300 _axiv, 467 p. ;
_c25 cm.
504 _aIncludes bibliographies and index.
650 0 _aEducation
_zUnited States.
_918410
650 0 _aEducation and state.
_918411
700 1 _aRubin, Louis J.
_918412
942 _2ddc
_cBK
999 _c5864
_d5864